Poistenie medzinárodných rizík

Salvato in:
Dettagli Bibliografici
Autore principale: Drugdová, Barbora
Ente Autore: Ekonomická univerzita v Bratislave
Natura: Libro
Lingua:slovacco
Pubblicazione: Bratislava SPRINT vfra 2001
Serie:Nová ekonómia
Soggetti:
Tags: Aggiungi Tag
Nessun Tag, puoi essere il primo ad aggiungerne!!

MARC

LEADER 00000nam a2200000 4500
001 c124911
005 20240226122818.0
020 |a 80-88848-80-6 
041 0 |a slo 
044 |a SK 
245 1 0 |a Poistenie medzinárodných rizík  |c Barbora Drugdová 
264 1 |a Bratislava  |b SPRINT vfra  |c 2001 
300 |a 173 s. 
490 1 |a Nová ekonómia 
830 0 |a Nová ekonómia 
610 2 0 |a poistenie rizikové 
610 2 0 |a riziko 
610 2 0 |a poistenie zahraničné 
610 2 0 |a typy poistenia 
610 2 0 |a poistenie dopravné 
610 2 0 |a poistenie úverové 
610 2 0 |a spolupráca medzinárodná 
610 2 0 |a legislatíva 
610 2 0 |a dohody medzinárodné 
610 2 0 |a škody 
610 2 0 |a zaistenie 
610 2 0 |a poisťovníctvo 
610 2 0 |a Eximbanka 
610 2 0 |a Slovensko 
100 1 |a Drugdová, Barbora 
710 2 |a Ekonomická univerzita v Bratislave